00293nam a2200121Ia 4500008004100000041000900041082001700050100002100067245002800088260003900116300000800155650000800163230718s9999 xx 000 0 und d aEng. a660.7bGAD-N aGadian, David Go 0aNMR and its application aPakistanbOrford Science Pubc1935 a983 aLaw